000 01050cam a2200277 4500
001
008 000000n2003 000 0 eng u
020 _a1900858843
035 _a(Sirsi) u121007
041 _aeng
050 _a690.23
_c18
110 _aBuilding Cost Information Service
_91096
245 _aGuide to house rebuilding costs 2003
250 _a25th ed.
260 _aLondon
_bRICS
_c2003
300 _a108p.
_c30cm
350 _a52.50
520 _aThis guide gives details of rebuilding costs for houses for reinstatement cost assessment. The tables show the costs for gross external floor area, additional costs and adjustments, regional variations, demolition costs and fees. Elemental cost tables for different types and age of house are also provided.
650 _aASSOCIATION OF BRITISH INSURERS
650 _aHOUSE REBUILDING COSTS
650 _aINSURANCE COSTS
650 _aBUILT ENVIRONMENT-BUILDING COSTS-REINSTATEMENT COSTS
650 _aBCIS
690 _aBUILT ENVIRONMENT-BUILDING COSTS
942 _n0
999 _c102607
_d102607